Ο λαός ως παιδαγωγός : (η παιδαγωγική αξία των παροιμιών)

Αποθηκεύτηκε σε:
Λεπτομέρειες βιβλιογραφικής εγγραφής
Κύριος συγγραφέας: Τσαρνάς, Ιω. Δ.
Μορφή: Βιβλίο
Γλώσσα:Greek
Δημοσίευση: Αθήναι : [Τύποις Γ. Μαυρογεώργη - Κ. Πουρνατζή], 1968.
Θέματα:
Ετικέτες: Προσθήκη ετικέτας
Δεν υπάρχουν, Καταχωρήστε ετικέτα πρώτοι!

MARC

LEADER 00000cam a2200000 a 4500
001 1/119219
008 190618s1968####gr | ||| |||| ||gre||
040 |a GR-MyUa  |b gre  |c GR-MyUa  |e AACR2 
041 0 |a gre 
082 7 |a 398.9   |2 (23) 
100 1 |a Τσαρνάς, Ιω. Δ. 
245 1 2 |a Ο λαός ως παιδαγωγός :   |b (η παιδαγωγική αξία των παροιμιών) /   |c Ιω. Δ. Τσαρνά.  
260 |a Αθήναι :   |b [Τύποις Γ. Μαυρογεώργη - Κ. Πουρνατζή],   |c 1968.  
300 |a 46 σ. ;   |c 21 εκ.  
650 0 |a Proverbs, Greek (Modern) 
650 0 |a Folklore and education  |z Greece. 
852 |a INST  |b RHODES  |c AKA  |e 20190618  |h 398.9 ΤΣΑ  |p 005400040916  |q 005400040916  |t BK  |y 0 
970 |a Μαρία  |b Κωτάκου  |z 18-06-2019